<?xml version="1.0" encoding="UTF-8"?><?xml-stylesheet type="text/xsl" href="static/style.xsl"?><OAI-PMH xmlns="http://www.openarchives.org/OAI/2.0/" xmlns:xsi="http://www.w3.org/2001/XMLSchema-instance" xsi:schemaLocation="http://www.openarchives.org/OAI/2.0/ http://www.openarchives.org/OAI/2.0/OAI-PMH.xsd"><responseDate>2026-06-03T14:01:40Z</responseDate><request verb="GetRecord" identifier="oai:riuma.uma.es:10630/18672" metadataPrefix="marc">https://riuma.uma.es/rest/oai/request</request><GetRecord><record><header><identifier>oai:riuma.uma.es:10630/18672</identifier><datestamp>2026-02-03T12:42:37Z</datestamp><setSpec>com_10630_2254</setSpec><setSpec>col_10630_37957</setSpec></header><metadata><record xmlns="http://www.loc.gov/MARC21/slim" xmlns:dcterms="http://purl.org/dc/terms/" xmlns:doc="http://www.lyncode.com/xoai" xmlns:xsi="http://www.w3.org/2001/XMLSchema-instance" xsi:schemaLocation="http://www.loc.gov/MARC21/slim http://www.loc.gov/standards/marcxml/schema/MARC21slim.xsd">
   <leader>00925njm 22002777a 4500</leader>
   <datafield ind2=" " ind1=" " tag="042">
      <subfield code="a">dc</subfield>
   </datafield>
   <datafield ind2=" " ind1=" " tag="720">
      <subfield code="a">Pott, Delphine</subfield>
      <subfield code="e">author</subfield>
   </datafield>
   <datafield ind2=" " ind1=" " tag="260">
      <subfield code="c">2019-10</subfield>
   </datafield>
   <datafield ind2=" " ind1=" " tag="520">
      <subfield code="a">España ocupa un puesto privilegiado en la producción y exportación de la fresa (Fragaria x ananassa), que es un fruto muy apreciado por su sabor, aroma y valor nutritivo. Sin embargo, ese fruto tiene una bajísima vida postcosecha, lo que implica esfuerzos por conseguir aumentar este período y ampliar los mercados. Además, debido a su complejidad fenotípica y su herencia poligénica, en la agricultura tradicional se ha descuidado la importancia de incluir caracteres relacionados con calidad de fruto, como la presencia de metabolitos importantes en una dieta saludable. &#xd;
En este trabajo, hemos propuesto el uso de técnicas de metabolómica de alto rendimiento asociadas a herramientas genéticas para mapear loci o genes involucrados en metabolitos responsables de las características organolépticas y nutritivas de la fresa. En paralelo, se ha realizado un estudio metabolómico de cinco cultivares comerciales de fresa sometidos a varios tratamientos de postcosecha. &#xd;
Se cuantificaron 50 metabolitos primarios y 130 metabolitos secundarios en una población de mapeo F1 que deriva de un cruzamiento entre dos líneas de fresa con fenotipo contrastante. &#xd;
Se procedió a un mapeo de “loci de caracteres cuantitativos” (QTLs), usando los niveles de metabolitos y el mapa genético de la población previamente publicado, para buscar asociaciones entre regiones genómicas y compuestos relacionados con calidad de fruto. De esta manera, se identificaron a lo largo de todos los grupos de ligamiento del mapa de la población 132 QTLs para metabolitos primarios y 465 QTL para metabolitos secundarios, de los cuales 20 y 110 se detectaron en frutos cosechados durante dos años consecutivos. &#xd;
Un análisis más profundo de las regiones genómicas delimitadas por los QTLs permitió la identificación de una serie de genes candidatos responsables de los niveles de metabolitos en el fruto de fresa.</subfield>
   </datafield>
   <datafield ind1="8" ind2=" " tag="024">
      <subfield code="a">https://hdl.handle.net/10630/18672</subfield>
   </datafield>
   <datafield tag="653" ind2=" " ind1=" ">
      <subfield code="a">Fresas - Cultivo</subfield>
   </datafield>
   <datafield tag="653" ind2=" " ind1=" ">
      <subfield code="a">Cultivos - Genética</subfield>
   </datafield>
   <datafield tag="653" ind2=" " ind1=" ">
      <subfield code="a">Fresas - Biotecnología</subfield>
   </datafield>
   <datafield ind2="0" ind1="0" tag="245">
      <subfield code="a">Molecular and metabolomics techniques for the nutritive and organoleptic quality improvement of strawberry (Fragaria x ananassa)</subfield>
   </datafield>
</record>
</metadata></record></GetRecord></OAI-PMH>